000 00600nam a2200193Ia 4500
005 20250508151259.0
008 008 250505s9999 xx 000 0 eng d
037 _aTextual
040 _aFEDL
_beng
_cFEDL
041 _aeng
_2eng
084 _a370.1, SLE
_qFEDL
100 _aSleight W. G.
_9758618
245 0 _aEducational values and methods based on the principles of the training process
260 _aLondon, UK
_bOxford University Press
_c1915
300 _avi,364p
650 _aEducation - Philosolphy
_9756482
942 _cTEXL
_h370.1, SLE
999 _c1328810
_d1328810